000 00437cam a2200157ua 4500
041 _aeng
_h
082 _a954.03
_bRAM/NA
100 _aRamnand, Aggarwala .
245 _aNational movement and constitutional development of India /
_cRamnand Aggarwala.
_hTextual Documents
250 _a4 /
_b.
260 _aDelhi :
_bMetropolitan book co. Pvt Ltd ,
_c1962.
300 _a524 ; .
504 _a
942 _cBK
999 _c8414
_d8414